000 00423nam a2200181Ia 4500
001 22964
005 20260414150906.0
008 260414t1985||||xx |||||||||||||| ||spa||
041 _aESP
082 _a624.171
_bL17
100 _aLaible, Jeffrey P.
_eAUT
245 0 _aStructural analysis
_b
260 _c1985
300 _axvii, 901 páginas :
_c24 cm.
650 _a0
654 _aCIC
942 _cLIB
_dJUS
_fJUS
_2ddc
_n
999 _c22964
_d22964